[Event "ROM-ch"]
[Site "Targu Mures"]
[Date "2014.05.04"]
[Round "11"]
[White "Balea, Dumitru Lucian"]
[Black "Ciortan, Mihail"]
[Result "1/2-1/2"]
[WhiteElo "1575"]
[BlackElo "1741"]
[PlyCount "26"]
[EventDate "2014.04.26"]
[EventType "swiss"]
[EventRounds "11"]
[EventCountry "ROU"]
[SourceTitle "CBM 160 Extra"]
[Source "ChessBase"]
[SourceDate "2014.07.01"]
[SourceVersion "1"]
[SourceVersionDate "2014.07.01"]
[SourceQuality "1"]

1. d4 d5 2. Nf3 Nf6 3. e3 e6 4. c3 c6 5. Bd3 Bd6 6. 0-0 0-0 7. Nbd2 Nbd7 8. Qe2 Qc7 9. h3 h6 10. a3 a6 11. b4 b5 12. Bb2 Bb7 13. Ne5 Ne4 1/2-1/2

[Event "ROM-ch"]
[Site "Targu Mures"]
[Date "2014.04.27"]
[Round "2"]
[White "Balea, Dumitru Lucian"]
[Black "Jugaru, Lucian"]
[Result "0-1"]
[WhiteElo "1575"]
[BlackElo "1917"]
[PlyCount "142"]
[EventDate "2014.04.26"]
[EventType "swiss"]
[EventRounds "11"]
[EventCountry "ROU"]
[SourceTitle "CBM 160 Extra"]
[Source "ChessBase"]
[SourceDate "2014.07.01"]
[SourceVersion "1"]
[SourceVersionDate "2014.07.01"]
[SourceQuality "1"]

1. d4 Nf6 2. Nf3 d5 3. Bf4 Bg4 4. e3 e6 5. Be2 Bd6 6. Bxd6 cxd6 7. Nh4 Bxe2 8. Qxe2 0-0 9. 0-0 Nc6 10. Nf3 Qc7 11. Nbd2 a6 12. Rfc1 b5 13. c3 Rfe8 14. a4 bxa4 15. Rxa4 a5 16. Rca1 Ra7 17. b4 Ne4 18. Qd3 Nxd2 19. Qxd2 Rb8 20. g3 Rab7 21. Rb1 Qd7 22. Kg2 h6 23. h3 g5 24. Ne1 Kg7 25. Nd3 Nxb4 26. Rxa5 Nc6 27. Rxb7 Qxb7 28. Ra1 Qb3 29. Ra2 Rc8 30. Qc2 Na5 31. Qxb3 Nxb3 32. Rc2 Na5 33. Nb2 f5 34. f4 Kf6 35. Kf3 e5 36. Rc1 exd4 37. exd4 Nb3 38. Rd1 Rxc3+ 39. Rd3 Nxd4+ 40. Ke3 Nb5 41. Nd1 d4+ 42. Kd2 Rc8 43. Rb3 Nc3 44. Nxc3 dxc3+ 45. Rxc3 Rxc3 46. Kxc3 gxf4 47. gxf4 Kg6 48. Kd4 Kh5 49. Kd5 Kh4 50. Ke6 Kxh3 51. Kxf5 Kg3 52. Ke4 d5+ 53. Ke5 d4 54. f5 d3 55. f6 d2 56. f7 d1Q 57. f8Q Qe2+ 58. Kd6 Qd3+ 59. Kc7 Qc4+ 60. Kb6 h5 61. Qd6+ Qf4 62. Qd3+ Qf3 63. Qg6+ Kh3 64. Qe6+ Kg2 65. Qg8+ Kh1 66. Qg5 Qf2+ 67. Kb5 h4 68. Qc1+ Kh2 69. Qc7+ Kg1 70. Qg7+ Kf1 71. Qg4 Qe2+ 0-1

[Event "ROM-chT2"]
[Site "Olanesti"]
[Date "2013.10.18"]
[Round "7.6"]
[White "Popa, Gabriel"]
[Black "Balea, Dumitru Lucian"]
[Result "1-0"]
[WhiteElo "1740"]
[BlackElo "1590"]
[PlyCount "61"]
[EventDate "2013.10.12"]
[EventType "team-tourn"]
[EventRounds "9"]
[EventCountry "ROU"]
[SourceTitle "EXT 2014"]
[Source "ChessBase"]
[SourceDate "2013.11.20"]
[SourceVersion "1"]
[SourceVersionDate "2013.11.20"]
[SourceQuality "1"]
[WhiteTeam "Galati Diana"]
[BlackTeam "Targoviste University"]
[WhiteTeamCountry "ROU"]
[BlackTeamCountry "ROU"]

1. e4 c6 2. d4 d5 3. e5 Bf5 4. Bd3 Bxd3 5. Qxd3 e6 6. Nf3 c5 7. c3 c4 8. Qc2 h6 9. 0-0 Ne7 10. b3 b5 11. a4 Qd7 12. axb5 Qxb5 13. bxc4 Qxc4 14. Nbd2 Qc7 15. Ba3 Nbc6 16. Bd6 Qd7 17. Nb3 Ng6 18. Nc5 Qc8 19. Rfb1 Bxd6 20. exd6 0-0 21. Rb7 Qd8 22. Rd7 Qf6 23. Rc7 Rfc8 24. Qa4 Rxc7 25. dxc7 Nge7 26. Nd7 Qf4 27. Nfe5 Nxe5 28. Nxe5 f6 29. g3 Qf5 30. Nc6 Nxc6 31. Qxc6 1-0

[Event "ROM-ch"]
[Site "Sarata Monteoru"]
[Date "2012.02.20"]
[Round "10"]
[White "Balea, Dumitru Lucian"]
[Black "Soare, Cristel"]
[Result "1-0"]
[WhiteElo "1490"]
[BlackElo "1519"]
[PlyCount "95"]
[EventDate "2012.02.13"]
[EventType "swiss"]
[EventRounds "11"]
[EventCountry "ROU"]
[SourceTitle "CBM 147 Extra"]
[Source "ChessBase"]
[SourceDate "2012.04.24"]
[SourceVersion "1"]
[SourceVersionDate "2012.04.24"]
[SourceQuality "1"]

1. d4 d5 2. Nf3 Nf6 3. Bg5 Ne4 4. Bf4 Nf6 5. e3 Nh5 6. Bg3 Nxg3 7. hxg3 Bg4 8. Be2 h5 9. c4 dxc4 10. Bxc4 e6 11. a3 c5 12. Be2 Nc6 13. dxc5 Qxd1+ 14. Bxd1 Bxc5 15. Nc3 0-0 16. Ng5 Bxd1 17. Rxd1 g6 18. Nge4 Be7 19. 0-0 f5 20. Nd6 Bxd6 21. Rxd6 Rfe8 22. Rd7 b6 23. Rfd1 Rad8 24. Nb5 a6 25. Nc7 Rxd7 26. Rxd7 Re7 27. Rxe7 Nxe7 28. Nxa6 Nd5 29. Kf1 Kf8 30. Ke2 Ke7 31. Kd3 Kd7 32. Kc4 Kc6 33. Nb4+ Nxb4 34. Kxb4 g5 35. Kc4 e5 36. Kd3 Kd5 37. b3 b5 38. Kc3 Kc5 39. b4+ Kd5 40. Kb3 Kc6 41. a4 bxa4+ 42. Kxa4 Kb6 43. b5 Kb7 44. Kb4 Kb6 45. Kc4 g4 46. Kd5 e4 47. Ke5 Kxb5 48. Kxf5 1-0